000 00646nam a2200241Ia 4500
003 OSt
005 20220918214403.0
006 a|||||r|||| 00| 0
007 ta
008 220917b |||||||| |||| 00| 0 eng d
024 _a137,216
037 _cTextual
040 _aARTS
_cARTS
_beng
041 _2eng
_aeng
082 _aYb4, K91
100 _aMccall George J ed
_9131135
245 0 _aIssues in participant observation
_b a text and reader
260 _c1969
650 _aSOCIOLOGY
700 _a Simmons J L ed
_9131136
942 _hYb4, K91
_cTEXL
_2CC
999 _c260300
_d260300